Múdra príroda 2017 zborník súťažných prác 5. ročníka literárnej súťaže

Podrobná bibliografia
Korporatívny autor: Múdra príroda Banská Bystrica, Slovensko
Ďalší autori: Mistríková, Barbora (Zostavovateľ, kompilátor), Bobková, Dobromila (Zostavovateľ, kompilátor)
Médium: Konferenčný príspevok Kniha
Jazyk:slovenčina
Fyzický popis:192 strán farebné fotografie 21 cm
Vydavateľské údaje: Banská Bystrica Slovenská agentúra životného prostredia 2017
ISBN:9788089503773
Predmet:

MARC

LEADER 00000cam a2200000 4500
001 vtls011741041
003 SK-MaSNL
005 20260301141850.0
008 220509s2017 xo o g 000 j slo
015 |a SNBA2018/05 
020 |a 9788089503773  |q (brožované) 
035 |a urn:nbn:sk:snk-am00gjnm 
035 |a urn:nbn:sk:snk-am3j5aj 
035 |a 18D73163-33E5-40A0-87B5-6072FADEDF6F 
040 |a SNK  |b slo  |e rda  |c SNK 
041 0 |a slo 
044 |a xo  |c SK 
072 7 |a 82:06  |x Literárne organizácie, súťaže  |2 konspekt 
080 |a 82:7.092  |2 2011 
080 |a 808.1-053.2  |2 2011 
080 |a (082)  |2 2011 
111 2 |a Múdra príroda  |n (5. :  |d 2017 :  |c Banská Bystrica, Slovensko)  |9 496577 
245 1 0 |a Múdra príroda 2017  |b zborník súťažných prác 5. ročníka literárnej súťaže  |c zostavili Barbora Mistríková, Dobromila Bobková 
264 1 |a Banská Bystrica  |b Slovenská agentúra životného prostredia  |c 2017 
300 |a 192 strán  |b farebné fotografie  |c 21 cm 
336 |a text  |b txt  |2 rdacontent 
337 |a bez média  |b n  |2 rdamedia 
338 |a zväzok  |b nc  |2 rdacarrier 
366 |e Náklad 200 kusov 
500 |a Názov z obálky 
650 0 7 |a literárne súťaže  |2 SNKPH  |9 4275 
650 0 7 |a Literary competitions  |2 SNKPHeng  |9 302809 
650 0 7 |a literárne práce detí a mládeže  |2 SNKPH  |9 4106 
650 0 7 |a Children's and youth's writings  |2 SNKPHeng  |9 291367 
655 7 |a zborníky  |2 SNKPH  |9 70165 
655 7 |a Miscellanea  |2 SNKPHeng  |9 265155 
700 1 |a Mistríková, Barbora  |4 com  |9 319744 
700 1 |a Bobková, Dobromila  |4 com  |9 496578 
919 |a 978-80-89503-77-3 
958 |a LX 
999 |c 768486  |d 770416 
952 |a SNK  |b SNK  |y PREZ  |7 0  |p 17A1322807  |o snkSC 178762  |i snk2018/6838  |8 0  |0 0  |1 0  |4 0  |d 2018-03-20  |f 1  |l 0  |r 2025-09-19 00:00:00  |w 2026-02-24 
952 |a SNK  |b SNK  |y VYP  |7 0  |p 17A1322808  |o snkSC 178762 D1  |i snk2018/6839  |8 0  |0 0  |1 0  |4 0  |d 2018-03-20  |l 0  |r 2026-02-24 00:26:33  |w 2026-02-24